You never forget your first : (Record no. 590657)
[ view plain ]
| 000 -LEADER | |
|---|---|
| fixed length control field | 02238nam a2200433 i 4500 |
| 001 - CONTROL NUMBER | |
| control field | 21992350 |
| 003 - CONTROL NUMBER IDENTIFIER | |
| control field | NUST |
| 005 - DATE AND TIME OF LATEST TRANSACTION | |
| control field | 20220825115207.0 |
| 008 - FIXED-LENGTH DATA ELEMENTS--GENERAL INFORMATION | |
| fixed length control field | 210413t20212020nyua b 001 0beng |
| 010 ## - LIBRARY OF CONGRESS CONTROL NUMBER | |
| LC control number | 2019461070 |
| 020 ## - INTERNATIONAL STANDARD BOOK NUMBER | |
| International Standard Book Number | 9780735224117 |
| Qualifying information | (trade) |
| 020 ## - INTERNATIONAL STANDARD BOOK NUMBER | |
| International Standard Book Number | 0735224110 |
| Qualifying information | (trade) |
| 020 ## - INTERNATIONAL STANDARD BOOK NUMBER | |
| Canceled/invalid ISBN | 9780735224100 |
| Qualifying information | (hardcover) |
| 020 ## - INTERNATIONAL STANDARD BOOK NUMBER | |
| Canceled/invalid ISBN | 0735224102 |
| Qualifying information | (hardcover) |
| 020 ## - INTERNATIONAL STANDARD BOOK NUMBER | |
| Canceled/invalid ISBN | 9780735224124 |
| Qualifying information | (ebook) |
| 020 ## - INTERNATIONAL STANDARD BOOK NUMBER | |
| Canceled/invalid ISBN | 0735224129 |
| Qualifying information | (ebook) |
| 038 ## - RECORD CONTENT LICENSOR | |
| Staff Name | Azhar |
| 040 ## - CATALOGING SOURCE | |
| Original cataloging agency | DLC |
| Language of cataloging | eng |
| Description conventions | rda |
| Transcribing agency | DLC |
| 042 ## - AUTHENTICATION CODE | |
| Authentication code | pcc |
| 043 ## - GEOGRAPHIC AREA CODE | |
| Geographic area code | n-us--- |
| 050 00 - LIBRARY OF CONGRESS CALL NUMBER | |
| Classification number | E312 |
| Item number | .C66 2021 |
| 082 00 - DEWEY DECIMAL CLASSIFICATION NUMBER | |
| Classification number | 973.41092 |
| Edition number | 23 |
| Author Mark | COE |
| 100 1# - MAIN ENTRY--PERSONAL NAME | |
| Personal name | Coe, Alexis, |
| Relator term | author. |
| 9 (RLIN) | 95294 |
| 245 10 - TITLE STATEMENT | |
| Title | You never forget your first : |
| Remainder of title | a biography of George Washington |
| Statement of responsibility, etc. | Alexis Coe. |
| 260 ## - PUBLICATION, DISTRIBUTION, ETC. | |
| Place of publication, distribution, etc. | New York, N.Y. |
| Name of publisher, distributor, etc. | Penguin Books, |
| Date of publication, distribution, etc. | 2021 |
| 264 #4 - PRODUCTION, PUBLICATION, DISTRIBUTION, MANUFACTURE, AND COPYRIGHT NOTICE | |
| Date of production, publication, distribution, manufacture, or copyright notice | ©2020 |
| 300 ## - PHYSICAL DESCRIPTION | |
| Extent | xlii, 261 pages : |
| Other physical details | illustrations ; |
| Dimensions | 22 cm |
| 336 ## - CONTENT TYPE | |
| Content type term | text |
| Content type code | txt |
| Source | rdacontent |
| 337 ## - MEDIA TYPE | |
| Media type term | unmediated |
| Media type code | n |
| Source | rdamedia |
| 338 ## - CARRIER TYPE | |
| Carrier type term | volume |
| Carrier type code | nc |
| Source | rdacarrier |
| 504 ## - BIBLIOGRAPHY, ETC. NOTE | |
| Bibliography, etc. note | Includes bibliographical references (pages 211-250) and index. |
| 505 0# - FORMATTED CONTENTS NOTE | |
| Formatted contents note | You never forget your first: but you do misremember him -- Introduction: The thigh men of Dad history -- part 1. Reluctant rebel. His mother's son -- "Pleases my taste" -- "The world on fire" -- "Blow out my brains" -- The Widow Custis -- "I cannot speak plainer" -- "What manner of man I am" -- "The shackles of slavery" -- part 2. General George Washington's American Revolution: off the battlefied. Hardball with the Howe brothers -- The court of public opinion -- George Washington, Agent 711 -- Eight years away -- "From whence no traveller returns" -- part 3. Mr. President. Unretirement -- The Presidency; or, "The place of his execution" -- Infant nation -- "Political suicide" -- Farewell to "cunning, ambitious, and unprincipled men" -- part 5. "I die hard." Final Retirement -- " 'Tis well" -- Epilogue. |
| 600 10 - SUBJECT ADDED ENTRY--PERSONAL NAME | |
| Personal name | Washington, George, |
| Dates associated with a name | 1732-1799. |
| 9 (RLIN) | 95295 |
| 650 #0 - SUBJECT ADDED ENTRY--TOPICAL TERM | |
| Topical term or geographic name entry element | Presidents |
| Geographic subdivision | United States |
| Form subdivision | Biography. |
| 9 (RLIN) | 7554 |
| 651 #0 - SUBJECT ADDED ENTRY--GEOGRAPHIC NAME | |
| Geographic name | United States |
| General subdivision | Politics and government |
| Chronological subdivision | 1783-1789. |
| 9 (RLIN) | 95296 |
| 906 ## - LOCAL DATA ELEMENT F, LDF (RLIN) | |
| a | 7 |
| b | cbc |
| c | origres |
| d | 1 |
| e | ncip |
| f | 20 |
| g | y-gencatlg |
| 942 ## - ADDED ENTRY ELEMENTS (KOHA) | |
| Source of classification or shelving scheme | |
| Koha item type | Lincoln Corner |
| Withdrawn status | Lost status | Source of classification or shelving scheme | Damaged status | Not for loan | Permanent Location | Current Location | Shelving location | Date acquired | Full call number | Barcode | Date last seen | Price effective from | Koha item type |
|---|---|---|---|---|---|---|---|---|---|---|---|---|---|
| Central Library (CL) | Central Library (CL) | Lincoln Corner | 07/26/2022 | 973.41092 COE | LC-176 | 07/26/2022 | 07/26/2022 | Reference |
